00287nam a22001097a 45000010005000000080041000050200018000460820011000641000021000752450044000962600037001401655130626b xxu||||| |||| 00| 0 eng d a9781897408100 a883.01 aandruss vanzAND aHome :A Bioregional Readercvan andruss acanadabnew catalyst booksc1990